| 000 | 00406nam a22001577a 4500 | ||
|---|---|---|---|
| 020 | _a0 471 04375 3 | ||
| 082 |
_a510.2462 _bBAJ |
||
| 100 |
_aBajpal, A.C _938968 |
||
| 245 | _aEngineering mathematics | ||
| 260 |
_aEngland _bJohn Wiley & Sons Ltd _c1974 |
||
| 300 | _axiii, 793.p | ||
| 526 |
_a0 _b0 _c0 _d510_246200000000000_BAJ |
||
| 650 |
_aMCE _9379 |
||
| 700 |
_aA. C Bajpal _938969 |
||
| 942 |
_2ddc _cBK |
||
| 999 |
_c543568 _d543568 |
||